| Tag |
First Indicator |
Second Indicator |
Subfields |
| LEADER |
00000cam a22000001a 4500 |
| 001 |
in00003062575 |
| 005 |
20190403183050.0 |
| 006 |
m o d |
| 007 |
cr un mmmapmmp |
| 008 |
080409s1951 dcu o f000 0 eng d |
| 035 |
|
|
|a cis2004237516
|
| 040 |
|
|
|a UMI
|c UMI
|d UtOrBLW
|
| 043 |
|
|
|a n-us---
|
| 099 |
|
|
|a ProQuest Serial Set Number 11489 S.rp.776
|
| 110 |
1 |
|
|a United States.
|b Congress.
|b Senate.
|b Committee on the District of Columbia.
|
| 245 |
1 |
0 |
|a Amending the act entitled "An act to regulate the practice of optometry in the District of Columbia".
|
| 246 |
1 |
|
|a Amending act to regulate practice of optometry in D.C
|
| 264 |
|
1 |
|a Washington :
|b [publisher not identified],
|c 1951.
|
| 300 |
|
|
|a 1 online resource.
|
| 336 |
|
|
|a text
|b txt
|2 rdacontent
|
| 337 |
|
|
|a computer
|b c
|2 rdamedia
|
| 338 |
|
|
|a online resource
|b cr
|2 rdacarrier
|
| 490 |
0 |
|
|a S.rp.776
|
| 500 |
|
|
|a Record is based on bibliographic data in ProQuest U.S. Serial Set Digital Collection (last viewed Apr. 2008). Reuse except for individual research requires license from ProQuest, LLC.
|
| 510 |
3 |
|
|a ProQuest U.S. Serial Set Digital Collection
|
| 500 |
|
|
|a Electronic resource.
|
| 610 |
1 |
0 |
|a District of Columbia.
|b Health Department.
|
| 650 |
|
0 |
|a Medical laws and legislation.
|
| 650 |
|
0 |
|a Optometry.
|
| 655 |
|
7 |
|a Electronic books.
|2 local
|
| 710 |
2 |
|
|a ProQuest (Firm)
|
| 830 |
|
0 |
|a United States congressional serial set.
|
| 856 |
4 |
0 |
|u http://proxy.library.tamu.edu/login?url=http://congressional.proquest.com/congcomp/getdoc?SERIAL-SET-ID=11489+S.rp.776
|z Connect to the full text of this electronic book
|t 0
|
| 999 |
|
|
|a MARS
|
| 999 |
f |
f |
|s 1f3054cf-9bb5-39f6-bfdf-e357996d2352
|i 65e21ddc-0496-3cfb-ad4d-5aff7205cedf
|t 0
|
| 952 |
f |
f |
|a Texas A&M University
|b College Station
|c Electronic Resources
|d Available Online
|t 0
|e ProQuest Serial Set Number 11489 S.rp.776
|h Other scheme
|
| 998 |
f |
f |
|a ProQuest Serial Set Number 11489 S.rp.776
|t 0
|l Available Online
|